[Event "Unterfranken-ch HA 44th"]
[Site "Rieneck"]
[Date "1993.??.??"]
[Round "3"]
[White "Fleischmann, Bernd"]
[Black "Biskopp, Wolf Ulrich"]
[Result "1/2-1/2"]
[WhiteElo "1629"]
[BlackElo "1573"]
[PlyCount "26"]
[EventDate "1993.04.12"]
[EventType "swiss"]
[EventRounds "9"]
[EventCountry "GER"]
[SourceTitle "EXT 2015"]
[Source "ChessBase"]
[SourceDate "2014.11.20"]
[SourceVersion "1"]
[SourceVersionDate "2014.11.20"]
[SourceQuality "1"]

1. e4 c5 2. Nf3 Nc6 3. d4 cxd4 4. Nxd4 Nf6 5. Nc3 d6 6. Be2 e5 7. Nb3 a6 8. a4 Be7 9. 0-0 0-0 10. Be3 Be6 11. Qd2 Qc7 12. Rfd1 Rac8 13. Rac1 Rfd8 1/2-1/2

[Event "Unterfranken-ch HA 43th"]
[Site "Sailauf"]
[Date "1992.??.??"]
[Round "7"]
[White "Dittmann, Ulrich"]
[Black "Fleischmann, Bernd"]
[Result "1-0"]
[WhiteElo "1731"]
[BlackElo "1632"]
[PlyCount "109"]
[EventDate "1992.04.20"]
[EventType "swiss"]
[EventRounds "9"]
[EventCountry "GER"]
[SourceTitle "EXT 2015"]
[Source "ChessBase"]
[SourceDate "2014.11.20"]
[SourceVersion "1"]
[SourceVersionDate "2014.11.20"]
[SourceQuality "1"]

1. d4 Nf6 2. c4 e5 3. dxe5 Ng4 4. Nf3 Nc6 5. Bf4 Bb4+ 6. Nbd2 Qe7 7. a3 Ngxe5 8. Nxe5 Bxd2+ 9. Qxd2 Nxe5 10. e3 d6 11. Be2 0-0 12. 0-0 b6 13. b4 Bb7 14. Bg3 a5 15. Rac1 axb4 16. axb4 Ra4 17. f3 Rfa8 18. e4 Ra2 19. Rc2 Ra1 20. Rfc1 Rxc1+ 21. Rxc1 f6 22. Bf2 Qf7 23. f4 Nd7 24. c5 Ra2 25. Qxa2 Qxa2 26. Bc4+ Qxc4 27. Rxc4 bxc5 28. bxc5 Nxc5 29. e5 fxe5 30. fxe5 Ba6 31. Rc3 Ne4 32. exd6 cxd6 33. Rc6 Nxf2 34. Kxf2 Bd3 35. Rxd6 Bg6 36. Kf3 Kf7 37. Kf4 Bb1 38. h4 h6 39. Rd7+ Kf6 40. Rd8 Ke6 41. Kg4 Bg6 42. Rb8 Kf6 43. Kf4 Ke6 44. Rb6+ Kf7 45. Ke5 Bd3 46. Rb7+ Kg8 47. Rd7 Bb1 48. Ke6 Bc2 49. Rd8+ Kh7 50. Kf7 Bb3+ 51. Kf8 g5 52. Rd7+ Kg6 53. Rg7+ Kh5 54. g3 gxh4 55. g4# 1-0

[Event "Unterfranken-ch HA 43th"]
[Site "Sailauf"]
[Date "1992.??.??"]
[Round "9"]
[White "Fleischmann, Bernd"]
[Black "Hirsch, Hanns Rainer"]
[Result "1/2-1/2"]
[WhiteElo "1632"]
[BlackElo "1492"]
[PlyCount "23"]
[EventDate "1992.04.20"]
[EventType "swiss"]
[EventRounds "9"]
[EventCountry "GER"]
[SourceTitle "EXT 2015"]
[Source "ChessBase"]
[SourceDate "2014.11.20"]
[SourceVersion "1"]
[SourceVersionDate "2014.11.20"]
[SourceQuality "1"]

1. e4 c6 2. d4 d5 3. Nc3 dxe4 4. Nxe4 Bf5 5. Ng3 Bg6 6. Nf3 e6 7. Bd3 Bxd3 8. Qxd3 Nd7 9. Bf4 Be7 10. 0-0 Ngf6 11. c3 0-0 12. Rfe1 1/2-1/2